20 Random Oldschool Runescape Bosses - Statistics

General Stats
  • This quiz has been taken 98 times
    70 since last reset
  • The average score is 9 of 20
Answer Stats
Picture Answer % Correct
Ahrim the Blighted
100%
Alchemical Hydra
100%
Araxxor
100%
Artio or Callisto
100%
Blood Moon
100%
Cerberus
100%
Chaos Fanatic
100%
Commander Zilyana
100%
Corrupted Hunllef
100%
Dagannoth Mother
100%
Giant Mole
100%
Guthan the Infested
100%
Ice Troll King
100%
Kalphite Queen
100%
Scurrius
100%
Skotizo
100%
Spindel or Venenatis
100%
Surok Magis
100%
Torag the Corrupted
100%
Verac the Defiled
100%
Yama
100%
Crazy Archaeologist
89%
Hespori
89%
King Black Dragon
88%
Karil the Tainted
83%
Kree'arra
83%
Me
83%
Vorkath
83%
Black Demon
80%
Dagannoth Rex
80%
Dharok the Wretched
80%
Duke Sucellus
80%
Elvarg
80%
Obor
80%
Scorpia
80%
The Nightmare
80%
TzKal-Zuk
80%
Abyssal Sire
75%
Akkha
75%
Count Draynor
75%
General Graardor
75%
Kraken
75%
Nex
75%
Sand Snake
75%
The Mimic
75%
Vardorvis
75%
Bouncer
67%
Chaos Elemental
67%
Dawn
67%
Evil Chicken
67%
Fragment of Seren
67%
Hespori (A Night at the Theatre)
67%
Tekton
67%
The Leviathan
67%
Tree Spirit
67%
Ba-Ba
60%
Dagannoth Prime
60%
Giant Roc
60%
Great Olm
60%
Wintertodt
60%
Barrelchest
50%
Black Knight Titan
50%
Bryophyta
50%
Calvar'ion or Vet'ion
50%
Dad
50%
Eclipse Moon
50%
General Khazard
50%
Glough
50%
Muttadile
50%
Pestilent Bloat
50%
Sol Heredit
50%
Tempoross
50%
The Everlasting
50%
The Hueycoatl
50%
The Whisperer
50%
Tumeken's Warden
50%
Zebak
50%
Corporeal Beast
40%
Judge of Yama
40%
Zulrah (Magma)
40%
Blue Moon
33%
Dagannoth Supreme
33%
Deranged Archaeologist
33%
Dusk
33%
Eldric the Ice King
33%
The Illusive
33%
The Inadequacy
33%
TzTok-Jad
33%
Vespula
33%
Zalcano
33%
Vasa Nistirio
29%
Delrith
25%
Dessous
25%
Fareed
25%
Flambeed
25%
JalTok-Jad
25%
Kephri
25%
Treus Dayth
25%
Verzik Vitur
25%
Zulrah (Tanzanite)
22%
Abomination
20%
Agrith Naar
20%
Agrith-Na-Na
20%
Amoxliatl
20%
Ancient Guardian
20%
Elidinis' Warden
20%
Galvek
20%
Jungle Demon
20%
Ranis Drakan
20%
Sigmund
20%
Glod
17%
Revenant Maledictus
17%
Sotetseg
17%
Xarpus
17%
Culinaromancer
14%
Vanguard (Melee)
14%
Zulrah (Serpentine)
14%
Arrav
0%
Arrg
0%
Balance Elemental (Magic)
0%
Balance Elemental (Melee)
0%
Balance Elemental (Ranged)
0%
Branda the Fire Queen
0%
Chronozon
0%
Crystalline Hunllef
0%
Cuthbert, Lord of Dread
0%
Damis
0%
Dessourt
0%
Gadderanks
0%
Gelatinnoth Mother
0%
Giant Scarab
0%
Kamil
0%
Karamel
0%
K'ril Tsutsaroth
0%
Moss Guardian
0%
Mutant Tarn
0%
Nezikchened
0%
Nylocas Vasilias
0%
Phantom Muspah
0%
Sarachnis
0%
Sea Troll Queen
0%
Sir Mordred
0%
Slagilith
0%
Slash Bash
0%
The Maiden of Sugadinti
0%
Thermonuclear Smoke Devil
0%
The Untouchable
0%
Vanguard (Magic)
0%
Vanguard (Ranged)
0%
No matching quizzes found
Score Distribution
Percent of People with Each Score
Percentile by Number Answered
Your Score History
You have not taken this quiz since the last reset